00777nam a2200205 a 4500001000800000005001700008008004100025020001500066020001800081050002200099245009800121260005700219300002700276500008200303650005800385650004000443700002200483700002200505710004400527168702220260422132232.0990107s1996 enk b 001 0 eng c a9041109315 a978904110931614aK1366 b.I57 199600aInternational privatization /c[general] editor, Dennis Campbell ; [editor, Brian Hollywood]. aLondon ;aBoston :bKluwer Law International,c1996. aviii, 272 p. ;c24 cm. a"Published under the auspices of the Center for International Legal Studies." 0aGovernment business enterprisesxLaw and legislation. 0aPrivatizationxLaw and legislation.1 aCampbell, Dennis.1 aHollywood, Brian.2 aCenter for International Legal Studies.